| 000 | 00603nam a2200205 a 4500 | ||
|---|---|---|---|
| 001 | 000012475 | ||
| 005 | 20240412074232.0 | ||
| 008 | 091113s1974 dr 000 f spa d | ||
| 040 |
_aDO-SdBNP _bspa _cBNPHU |
||
| 082 |
_aRD863.44 _bG887h |
||
| 100 | 1 |
_aGrullón, Ruddy _911028 |
|
| 245 | 1 | 3 |
_aEl hombre que hablaba con Dios / _cRuddy Grullón. |
| 260 |
_aSanto Domingo : _bTaller, _c1974. |
||
| 300 |
_a74 p. ; _c20 cm. |
||
| 490 | 1 |
_aBiblioteca Taller ; _v35 |
|
| 650 | 0 |
_aCuentos dominicanos _9176 |
|
| 650 | 0 |
_aLiteratura dominicana. _967 |
|
| 830 | 0 |
_aBibliote Taller ; _n35 _929202 |
|
| 049 | _aBNPD | ||
| 999 |
_c12131 _d12131 |
||